| 000 | 01043cam a2200325 a 4500 | ||
|---|---|---|---|
| 001 | 6032 | ||
| 003 | FISKH | ||
| 005 | 20250226082914.0 | ||
| 008 | 060327s2007 flua c 000 1 eng | ||
| 010 | _a 2006009244 | ||
| 020 | _a9780152057770 (hardcover : alk. paper) | ||
| 020 | _a9780545086110 | ||
| 040 |
_aDLC _cDLC _dDLC _beng |
||
| 050 | _aPZ7.B671943 M | ||
| 082 | _a 813.6 | ||
| 100 | 1 |
_aBowe, Julie _d(1962-) |
|
| 245 | 1 | 0 |
_aMy last best friend / _cJulie Bowe |
| 250 | _aThis edition first published in 2008 | ||
| 260 |
_aOrlando : _bScholastic, _c2007. |
||
| 300 |
_a146 pages : _billustrations ; _c2o cm |
||
| 505 | _aR | ||
| 520 | _aAfter her best friend moves away, fourth-grader Ida May is determined not to make another best friend, despite the efforts of a new girl in her class. | ||
| 521 | 8 |
_a660
_bLexile |
|
| 521 | 8 |
_aR
_bRaz-Plus |
|
| 650 | 1 |
_aBest friends _vFiction. |
|
| 650 | 1 |
_aFriendship _vFiction. |
|
| 906 |
_a7 _bcbc _corignew _d1 _eecip _f20 _gy-gencatlg |
||
| 942 |
_2ddc _cBK _n0 |
||
| 999 |
_c6032 _d6032 |
||